La Profondeur du présent : Une histoire de (la) pensée (notice n° 2158565)

détails MARC
000 -LEADER
fixed length control field 01414cam a2200145 4500500
005 - DATE AND TIME OF LATEST TRANSACTION
control field 20260405032952.0
041 ## - LANGUAGE CODE
Language code of text/sound track or separate title fre
042 ## - AUTHENTICATION CODE
Authentication code dc
100 10 - MAIN ENTRY--PERSONAL NAME
Personal name Brague, Rémi
Relator term author
245 00 - TITLE STATEMENT
Title La Profondeur du présent : Une histoire de (la) pensée
260 ## - PUBLICATION, DISTRIBUTION, ETC.
Name of publisher, distributor, etc. Hermann,<br/>
Date of publication, distribution, etc. 2025.<br/>
520 ## - SUMMARY, ETC.
Summary, etc. Le but de ce livre d’entretien est de mieux faire connaître au grand public cultivé la pensée de Rémi Brague, philosophe brillant et original. Avec érudition et humour, l’auteur passe en revue les grandes étapes de la pensée occidentale : le « miracle grec », l’Europe et la chrétienté, la religion et la civilisation islamiques, l’humanisme et ce qu’il est convenu d’appeler la modernité, les Lumières et l’individualisme, la démocratie (grecque et moderne) et la liberté, et enfin la postmodernité, le « wokisme »… Sans compter une échappée inattendue avec Tintin, dont l’auteur est féru et qu’il connaît sur le bout des doigts. Pour chaque sujet abordé, il explique comment et avec qui il en est venu à s’y intéresser. L’occasion d’évoquer les rencontres qui l’ont marqué et qui ont influencé le cours de sa vie. Un voyage fascinant à travers la culture européenne, au sens large.
700 10 - ADDED ENTRY--PERSONAL NAME
Personal name d’Andigné, Charles-Henri
Relator term author
856 41 - ELECTRONIC LOCATION AND ACCESS
Uniform Resource Identifier <a href="https://shs.cairn.info/la-profondeur-du-present--9791037043696?lang=fr&redirect-ssocas=7080">https://shs.cairn.info/la-profondeur-du-present--9791037043696?lang=fr&redirect-ssocas=7080</a>

Pas d'exemplaire disponible.

PLUDOC

PLUDOC est la plateforme unique et centralisée de gestion des bibliothèques physiques et numériques de Guinée administré par le CEDUST. Elle est la plus grande base de données de ressources documentaires pour les Étudiants, Enseignants chercheurs et Chercheurs de Guinée.

Adresse

627 919 101/664 919 101

25 boulevard du commerce
Kaloum, Conakry, Guinée

Réseaux sociaux

Powered by Netsen Group @ 2025